MARC details
| 000 -LÍDER |
| campo de controle de tamanho fixo |
01269naa a22003257a 4500 |
| 001 - NÚMERO DE CONTROLE |
| campo de controle |
BR7900312 |
| 003 - IDENTIFICADOR DO NÚMERO DE CONTROLE |
| campo de controle |
BR-BrBNA |
| 005 - DATA E HORÁRIO DA ÚLTIMA TRANSAÇÃO |
| campo de controle |
20240918174312.0 |
| 007 - CAMPO FIXO DE DESCRIÇÃO FÍSICA--INFORMAÇÃO GERAL |
| campo de controle de tamanho fixo |
ta |
| 008 - CAMPO DE DADOS FIXOS--INFORMAÇÃO GERAL |
| campo de controle de tamanho fixo |
230509b bl.||||| |||| 00| 0 por d |
| 040 ## - FONTE DA CATALOGAÇÃO |
| Instituição da catalogação original |
BR-BrBNA |
| Idioma da catalogação |
por |
| Instituição que transcreveu o registro |
Biblioteca Nacional de Agricultura |
| 041 ## - CÓDIGO DE IDIOMA |
| Código do idioma do texto/trilha sonora ou título diferente |
(Pt) |
| 072 ## - CÓDIGO DE CATEGORIA DE ASSUNTO |
| Código de Categoria de Assunto |
F60; H50; F25 |
| Código do objeto |
0170 |
| -- |
G514 |
| 090 ## - NÚMERO DE CHAMADA LOCAL |
| Número de chamada |
F60 BR7900312 |
| 100 1# - ENTRADA PRINCIPAL--NOME PESSOAL |
| Nome pessoal |
Malavolta, E. |
| 100 1# - ENTRADA PRINCIPAL--NOME PESSOAL |
| Nome pessoal |
Lourenco, R.S. |
| 111 1# - ENTRADA PRINCIPAL--NOME DO EVENTO |
| Nome do evento ou lugar |
11. Reuniao Brasileira de Milho e Sorgo |
| Local do evento |
Piracicaba, SP (Brazil) |
| Data do evento ou assinatura do tratado |
26 Jul 1976 |
| 245 1# - TÍTULO |
| Título |
Estudos sobre a nutricao mineral do sorgo granifero Sorghum bicolor (L.)Moench, 1: Nota sobre o efeito das carencias de macronutrientes no crescimento, producao e composicao mineral [Brasil] |
| 260 3# - PUBLICAÇÃO, DISTRIBUIÇÃO, ETC. |
| Local de publicação, distribuição, etc. |
Piracicaba, SP (Brasil): |
| Data da publicação, distribuição, etc. |
1978. |
| 500 ## - NOTA GERAL |
| Nota geral |
Anais da 11. Reuniao Brasileira de Milho e Sorgo<br/>Piracicaba, SP (Brasil): 1978. p. 691-699<br/>(BR7900312-AM)F60<br/> |
| 650 ## - ASSUNTO--TERMO TÓPICO |
| Cabeçalho tópico ou nome geográfico |
SORGO GRANIFERO |
| 650 ## - ASSUNTO--TERMO TÓPICO |
| Cabeçalho tópico ou nome geográfico |
DEFICIENCIA NUTRICIONAL |
| 650 ## - ASSUNTO--TERMO TÓPICO |
| Cabeçalho tópico ou nome geográfico |
MACROELEMENTO |
| 650 ## - ASSUNTO--TERMO TÓPICO |
| Cabeçalho tópico ou nome geográfico |
MICROELEMENTO |
| 650 ## - ASSUNTO--TERMO TÓPICO |
| Cabeçalho tópico ou nome geográfico |
ABSORCAO |
| 650 ## - ASSUNTO--TERMO TÓPICO |
| Cabeçalho tópico ou nome geográfico |
CRESCIMENTO |
| 773 0# - ENTRADA ANALÍTICA |
| Título |
Anais da 11. Reuniao Brasileira de Milho e Sorgo |
| Número de controle do registro |
F60 BR7900312 |
| Partes relacionadas |
Piracicaba, SP (Brasil), 1978. p. 691-699 |
| 909 ## - |
| -- |
202404 |
| -- |
Lucia |
| -- |
55 |
| -- |
Lucia Elande |
| 942 ## - ELEMENTOS DE ENTRADA ADICIONADOS (KOHA) |
| Tipo de material Koha |
Capítulo-Livro |
| Fonte da classificação ou esquema de arquivamento na estante |
Classificação AGRIS |